Statistics for Random Oceania Shape to Country

Click here to take the quiz!

General Stats

  • This quiz has been taken 1,818 times
    (1,653 since last reset)
  • The average score is 4 of 6

Answer Stats

Answer% Correct
Australia
98%
New Zealand
91%
Papua New Guinea
87%
Fiji
71%
F.S. Micronesia
67%
Nauru
64%
Solomon Islands
62%
Vanuatu
57%
Samoa
56%
Tuvalu
55%
Marshall Islands
53%
Palau
53%
Kiribati
52%
Tonga
51%

Score Distribution

Percentile by Number Answered

Percent of People with Each Score

Your Score History

You have not taken this quiz since the last reset